Ballon D'Or Top 10 - 2000's - Statistics

General Stats
  • This quiz has been taken 3,026 times
  • The average score is 32 of 48
Answer Stats
Player % Correct
Cristiano Ronaldo
100%
Lionel Messi
100%
Ronaldo Nazario
100%
Zlatan Ibrahimovic
96%
Andres Iniesta
95%
Ronaldinho
95%
Xavi
95%
Didier Drogba
92%
Samuel Eto'o
92%
Andriy Shevchenko
91%
Kaka
91%
Pavel Nedved
86%
Zinedine Zidane
86%
Luis Figo
85%
Thierry Henry
85%
Wayne Rooney
85%
Fabio Cannavaro
84%
Micheal Owen
84%
Gianluigi Buffon
83%
Steven Gerrard
83%
Frank Lampard
82%
David Villa
72%
Fernando Torres
71%
Iker Casillas
71%
Oliver Kahn
71%
Paolo Maldini
71%
Andrea Pirlo
70%
Rivaldo
70%
David Beckham
65%
Raul
62%
Roberto Carlos
62%
Ruud Van Nistelrooy
60%
Miroslav Klose
57%
Andrey Arshavin
56%
Alessandro Del Piero
54%
Deco
53%
Michael Ballack
51%
Alessandro Nesta
48%
Francesco Totti
48%
Gabriel Batistuta
36%
Robinho
32%
Adriano
31%
Cesc Fabregas
29%
Ricardo Carvalho
21%
Jens Lehmann
19%
Theodoros Zagorakis
10%
Gaizka Mendieta
9%
Yildiray Basturk
6%
No matching quizzes found
Score Distribution
Percent of People with Each Score
Percentile by Number Answered
Your Score History
You have not taken this quiz